| Поле | Инд. | ПП | Название | Значение |
|---|---|---|---|---|
| Тип записи | a | |||
| Библиографический уровень | b | |||
| 001 | Контрольный номер | RU/IS/BASE/103644263 | ||
| 005 | Дата корректировки | 20200610181742.4 | ||
| 084 | a | Индекс другой классификации/Индекс ББК | 87.3(5Инд)3; 86.35-2; 86.201 | |
| 100 | 1_ | a | Автор | Майданов А. С. |
| 245 | 10 | a | Заглавие | Логика боготворчества |
| 504 | a | Библиография | Библиогр. ссылки | |
| 650 | 04 | a | Основная рубрика | буддизм |
| a | Основная рубрика | история философии | ||
| a | Основная рубрика | религиоведение | ||
| a | Основная рубрика | религия | ||
| a | Основная рубрика | философия | ||
| a | Основная рубрика | философия религии | ||
| 653 | 0_ | a | Ключевые слова | Адитьи |
| a | Ключевые слова | арии (арийцы) | ||
| a | Ключевые слова | боги | ||
| a | Ключевые слова | божественное мироустройство | ||
| a | Ключевые слова | Варуна | ||
| a | Ключевые слова | Веды | ||
| a | Ключевые слова | Вишну | ||
| a | Ключевые слова | древнеиндийская мифология | ||
| a | Ключевые слова | древние книги | ||
| a | Ключевые слова | Древний Восток | ||
| a | Ключевые слова | Древняя Индия | ||
| a | Ключевые слова | Индия | ||
| a | Ключевые слова | мировосприятие ариев | ||
| a | Ключевые слова | мироустройство | ||
| a | Ключевые слова | Митра | ||
| a | Ключевые слова | мифология | ||
| a | Ключевые слова | небесные тела | ||
| a | Ключевые слова | планеты | ||
| a | Ключевые слова | прототипы богов | ||
| a | Ключевые слова | религиозная философия | ||
| a | Ключевые слова | Ригведа | ||
| a | Ключевые слова | священные книги | ||
| a | Ключевые слова | социализация природы | ||
| 773 | 18 | t | Заглавие источника | Вопросы философии |
| d | Дата издания источника | 2002 | ||
| g | Прочая информация | № 3. - С. 69 - 88 | ||
| w | Контрольный № источника | RU/IS/BASE/112969793 | ||
| 901 | t | Тип документа | b |